Las migraciones rurales en Guatemala en el siglo XIX /
Zapisane w:
| 1. autor: | |
|---|---|
| Format: | Texto |
| Hasła przedmiotowe: | |
| Etykiety: |
Dodaj etykietę
Nie ma etykietki, Dołącz pierwszą etykiete!
|
MARC
| LEADER | 00000 a a2200000 04500 | ||
|---|---|---|---|
| 001 | 189 | ||
| 003 | |||
| 040 | |||
| 100 | |a Catellanos Cambranes, Julio | ||
| 245 | |a Las migraciones rurales en Guatemala en el siglo XIX / |c Julio Catellanos Cambranes | ||
| 650 | |a MIGRACION | ||
| 650 | |a MIGRACION RURAL RURAL | ||
| 650 | |a GUATEMALA | ||
| 773 | |g número 5; páginas-169-184 | ||
| 999 | |c 23054 |d 23054 | ||
| 773 | 0 | |0 18809 |9 3202 |a Universidad de Varsovia |d Varsovia, Polonia: Universidad de Varsovia. Facultad de Geografía y Estudios Regionales, 1984- |o 03638 |t Actas Latinoamericanas de Varsovia/ |w (cru CIDCACS/IIS)36121 | |
